Ali Alauddin / (Record no. 5001)

000 -LEADER
fixed length control field 00445nam a2200169 a 4500
005 - DATE AND TIME OF LATEST TRANSACTION
control field 20240612121610.0
008 - FIXED-LENGTH DATA ELEMENTS--GENERAL INFORMATION
fixed length control field 240612t2019 my ||||| |||| 00| 0 may d
020 00 - INTERNATIONAL STANDARD BOOK NUMBER
International Standard Book Number 9789672137658
040 ## - CATALOGING SOURCE
Original cataloging agency AKMAL
082 00 - DEWEY DECIMAL CLASSIFICATION NUMBER
Classification number 899.2333 ROS
090 00 - LOCALLY ASSIGNED LC-TYPE CALL NUMBER (OCLC); LOCAL CALL NUMBER (RLIN)
Classification number (OCLC) (R) ; Classification number, CALL (RLIN) (NR) 899.2333
Local cutter number (OCLC) ; Book number/undivided call number, CALL (RLIN) ROS
245 10 - TITLE STATEMENT
Title Ali Alauddin /
Statement of responsibility, etc. Rose Harissa
260 00 - PUBLICATION, DISTRIBUTION, ETC.
Place of publication, distribution, etc. Selangor :
Name of publisher, distributor, etc. Idea Kreatif Publication,
Date of publication, distribution, etc. 2019
300 ## - PHYSICAL DESCRIPTION
Extent 304p. :
Other physical details ill. ;
Dimensions 18cm
650 00 - SUBJECT ADDED ENTRY--TOPICAL TERM
Topical term or geographic name entry element Malay fiction
942 ## - ADDED ENTRY ELEMENTS (KOHA)
Source of classification or shelving scheme
Koha item type Book
Holdings
Withdrawn status Lost status Source of classification or shelving scheme Damaged status Not for loan Collection code Home library Current library Shelving location Date acquired Source of acquisition Inventory number Full call number Barcode Date last seen Price effective from Koha item type
          FICTION AKMAL Melaka AKMAL Melaka PINJAMAN 12.06.2024 Sumbangan 000308 899.2333 ROS 201708233 12.06.2024 12.06.2024 Book
Pusat Sumber Maklumat Dato' Haji Sarmin Md Hussin, Akademi Kastam Diraja Malaysia, Melaka
Tel: 06-2331106 | Faks: 06-2313787